000
00298nam a2200109 4500
008
160625b xxu||||| |||| 00| 0 eng d
100
_9
1142
_a
Haugen, E
245
_a
First Grammatical Treatise
260
_a
Lon
_b
Longman Group Ltd.
_c
1972
300
_a
First Grammatical Treatise
942
_2
ddc
_c
BK
999
_c
924
_d
924